[Event "Gibraltar Masters 18th"]
[Site "Gibraltar"]
[Date "2020.01.29"]
[Round "9.14"]
[White "Adhiban, Baskaran"]
[Black "Maze, Sebastien"]
[Result "1-0"]
[WhiteElo "2654"]
[BlackElo "2550"]
[PlyCount "175"]
[EventDate "2020.01.21"]
[EventType "swiss"]
[EventRounds "10"]
[EventCountry "GGB"]
[SourceTitle "BritBase"]
[Source "John Saunders"]
[SourceDate "2021.06.05"]
[SourceVersion "1"]
[SourceVersionDate "2021.06.05"]
[SourceQuality "1"]
[TimeControl "40/100:0"]
[WhiteClock "0:04:23"]
[BlackClock "0:00:57"]

1. d4 {[%emt 0:00:00]} Nf6 {[%emt 0:00:00]} 2. c4 {[%emt 0:00:00]} d6 {[%emt 0:
00:00]} 3. Nf3 {[%emt 0:00:00]} g6 {[%emt 0:00:00]} 4. g3 {[%emt 0:00:00]} Bg7
{[%emt 0:00:00]} 5. Bg2 {[%emt 0:00:00]} O-O {[%emt 0:00:00]} 6. Nc3 {[%emt 0:
00:00]} c6 {[%emt 0:00:00]} 7. O-O {[%emt 0:00:00]} Qa5 {[%emt 0:00:00]} 8. e4
{[%emt 0:00:00]} Qh5 {[%emt 0:00:00]} 9. e5 {[%emt 0:00:00]} dxe5 {[%emt 0:00:
00]} 10. Nxe5 {[%emt 0:00:00]} Qxd1 {[%emt 0:00:00]} 11. Rxd1 {[%emt 0:00:00]}
Ng4 {[%emt 0:00:00]} 12. Nf3 {[%emt 0:00:00]} Na6 {[%emt 0:00:00]} 13. h3 {
[%emt 0:00:00]} Nf6 {[%emt 0:00:00]} 14. Bf4 {[%emt 0:00:00]} h6 {[%emt 0:00:
00]} 15. Be5 {[%emt 0:00:00]} Rd8 {[%emt 0:00:00]} 16. Rd2 {[%emt 0:00:00]} Bd7
{[%emt 0:00:00]} 17. Rad1 {[%emt 0:00:00]} Be8 {[%emt 0:00:00]} 18. Ne1 {
[%emt 0:00:00]} Nb8 {[%emt 0:00:00]} 19. g4 {[%emt 0:00:00]} Nbd7 {[%emt 0:00:
00]} 20. Bc7 {[%emt 0:00:00]} Rdc8 {[%emt 0:00:00]} 21. Bg3 {[%emt 0:00:00]}
Nb6 {[%emt 0:00:00]} 22. b3 {[%emt 0:00:00]} a5 {[%emt 0:00:00]} 23. Nd3 {
[%emt 0:00:00]} Nfd7 {[%emt 0:00:00]} 24. Ne2 {[%emt 0:00:00]} Ra7 {[%emt 0:00:
00]} 25. a4 {[%emt 0:00:00]} Na8 {[%emt 0:00:00]} 26. f4 {[%emt 0:00:00]} Nc7 {
[%emt 0:00:00]} 27. Bf2 {[%emt 0:00:00]} Na6 {[%emt 0:00:00]} 28. Ng3 {[%emt 0:
00:00]} Raa8 {[%emt 0:00:00]} 29. Re2 {[%emt 0:00:00]} Bf8 {[%emt 0:00:00]} 30.
f5 {[%emt 0:00:00]} g5 {[%emt 0:00:00]} 31. Bf3 {[%emt 0:00:00]} Nf6 {[%emt 0:
00:00]} 32. Kg2 {[%emt 0:00:00]} Rd8 {[%emt 0:00:00]} 33. Red2 {[%emt 0:00:00]}
Bg7 {[%emt 0:00:00]} 34. Ne2 {[%emt 0:00:00]} Bd7 {[%emt 0:00:00]} 35. d5 {
[%emt 0:00:00]} cxd5 {[%emt 0:00:00]} 36. cxd5 {[%emt 0:00:00]} Ne8 {[%emt 0:
00:00]} 37. Bb6 {[%emt 0:00:00]} Rdc8 {[%emt 0:00:00]} 38. Bxa5 {[%emt 0:00:00]
} Nd6 {[%emt 0:00:00]} 39. Bb6 {[%emt 0:00:00]} Bf6 {[%emt 0:00:00]} 40. Rb1 {
[%emt 0:00:00]} Kg7 {[%emt 0:00:00]} 41. Ng3 {[%emt 0:00:00]} Kf8 {[%emt 0:02:
36]} 42. Nh5 {[%emt 0:00:00]} Bc3 {[%emt 0:00:00]} 43. Re2 {[%emt 0:00:00]} Be8
{[%emt 0:00:00]} 44. h4 {[%emt 0:00:00]} f6 {[%emt 0:00:00]} 45. hxg5 {[%emt 0:
00:00]} hxg5 {[%emt 0:00:00]} 46. Ng3 {[%emt 0:00:00]} Bf7 {[%emt 0:00:00]} 47.
Rc2 {[%emt 0:00:00]} Bb4 {[%emt 0:00:00]} 48. Rxc8+ {[%emt 0:00:00]} Rxc8 {
[%emt 0:00:00]} 49. Ne2 {[%emt 0:00:00]} Rc2 {[%emt 0:00:00]} 50. Rb2 {[%emt 0:
00:00]} Rxb2 {[%emt 0:00:00]} 51. Nxb2 {[%emt 0:00:00]} Nc8 {[%emt 0:00:00]}
52. Bd4 {[%emt 0:00:00]} Nc7 {[%emt 0:00:00]} 53. Nd3 {[%emt 0:00:00]} Nxd5 {
[%emt 0:00:00]} 54. Nxb4 {[%emt 0:00:00]} Nxb4 {[%emt 0:00:00]} 55. Bxb7 {
[%emt 0:00:00]} Nd6 {[%emt 0:00:00]} 56. Ba8 {[%emt 0:00:00]} Bxb3 {[%emt 0:00:
00]} 57. Bc5 {[%emt 0:00:00]} Nxf5 {[%emt 0:00:00]} 58. gxf5 {[%emt 0:00:00]}
Nd3 {[%emt 0:00:00]} 59. Ba3 {[%emt 0:00:00]} Bxa4 {[%emt 0:00:00]} 60. Kg3 {
[%emt 0:00:00]} Nf4 {[%emt 0:00:00]} 61. Nd4 {[%emt 0:00:00]} Bd7 {[%emt 0:00:
00]} 62. Bf3 {[%emt 0:00:00]} Ke8 {[%emt 0:00:00]} 63. Bg4 {[%emt 0:00:00]} Kf7
{[%emt 0:00:00]} 64. Bd1 {[%emt 0:00:00]} Ke8 {[%emt 0:00:00]} 65. Bb3 {
[%emt 0:00:00]} Nh5+ {[%emt 0:00:00]} 66. Kf3 {[%emt 0:00:00]} Ng7 {[%emt 0:00:
00]} 67. Kg4 {[%emt 0:00:00]} Bc8 {[%emt 0:00:00]} 68. Bg8 {[%emt 0:00:00]} Bd7
{[%emt 0:00:00]} 69. Ne6 {[%emt 0:00:00]} Nxe6 {[%emt 0:00:00]} 70. fxe6 {
[%emt 0:00:10]} Bc8 {[%emt 0:00:00]} 71. Bf7+ {[%emt 0:00:12]} Kf8 {[%emt 0:00:
00]} 72. Bb4 {[%emt 0:00:01]} Ba6 {[%emt 0:00:00]} 73. Bg6 {[%emt 0:00:00]} Bc4
{[%emt 0:00:00]} 74. Bf5 {[%emt 0:00:00]} Bd5 {[%emt 0:00:00]} 75. Kg3 {
[%emt 0:00:00]} Ke8 {[%emt 0:00:00]} 76. Ba5 {[%emt 0:00:00]} Kf8 {[%emt 0:00:
00]} 77. Kf2 {[%emt 0:00:00]} Bb3 {[%emt 0:00:00]} 78. Ke3 {[%emt 0:00:00]} Bd1
{[%emt 0:00:00]} 79. Bb6 {[%emt 0:00:00]} Ke8 {[%emt 0:00:00]} 80. Bc7 {
[%emt 0:00:00]} Bb3 {[%emt 0:00:00]} 81. Kd4 {[%emt 0:00:05]} Bd1 {[%emt 0:01:
12]} 82. Kc5 {[%emt 0:00:13]} Bb3 {[%emt 0:00:02]} 83. Kc6 {[%emt 0:00:08]}
Ba4+ {[%emt 0:00:00]} 84. Kb7 {[%emt 0:00:00]} Bd1 {[%emt 0:00:06]} 85. Kc8 {
[%emt 0:00:00]} Ba4 {[%emt 0:00:27]} 86. Bb6 {[%emt 0:00:00]} Bd1 {[%emt 0:00:
00]} 87. Bc5 {[%emt 0:00:00]} g4 {[%emt 0:00:00]} 88. Bf2 {[%emt 0:00:00]} 1-0

[Event "Gibraltar Masters 18th"]
[Site "Gibraltar"]
[Date "2020.01.29"]
[Round "9.15"]
[White "Aryan, Chopra"]
[Black "Donchenko, Alexander"]
[Result "1-0"]
[WhiteElo "2562"]
[BlackElo "2647"]
[PlyCount "53"]
[EventDate "2020.01.21"]
[EventType "swiss"]
[EventRounds "10"]
[EventCountry "GGB"]
[SourceTitle "BritBase"]
[Source "John Saunders"]
[SourceDate "2021.06.05"]
[SourceVersion "1"]
[SourceVersionDate "2021.06.05"]
[SourceQuality "1"]
[TimeControl "40/100:0"]
[WhiteClock "0:26:16"]
[BlackClock "0:03:06"]

1. e4 {[%emt 0:00:00]} c5 {[%emt 0:00:00]} 2. Nf3 {[%emt 0:00:00]} d6 {[%emt 0:
00:00]} 3. d4 {[%emt 0:00:00]} cxd4 {[%emt 0:00:00]} 4. Nxd4 {[%emt 0:00:00]}
Nf6 {[%emt 0:00:00]} 5. Nc3 {[%emt 0:00:00]} a6 {[%emt 0:00:00]} 6. Be3 {
[%emt 0:00:00]} e5 {[%emt 0:00:00]} 7. Nb3 {[%emt 0:00:00]} Be6 {[%emt 0:00:00]
} 8. f3 {[%emt 0:00:00]} h5 {[%emt 0:00:00]} 9. Nd5 {[%emt 0:00:00]} Bxd5 {
[%emt 0:00:00]} 10. exd5 {[%emt 0:00:00]} Nbd7 {[%emt 0:00:00]} 11. Qd2 {
[%emt 0:00:00]} g6 {[%emt 0:00:00]} 12. O-O-O {[%emt 0:00:00]} Nb6 {[%emt 0:00:
00]} 13. Kb1 {[%emt 0:00:00]} Nbxd5 {[%emt 0:00:00]} 14. Bg5 {[%emt 0:00:00]}
Be7 {[%emt 0:00:00]} 15. c4 {[%emt 0:00:00]} Nb6 {[%emt 0:00:00]} 16. Na5 {
[%emt 0:00:00]} O-O {[%emt 0:00:00]} 17. h4 {[%emt 0:00:00]} d5 {[%emt 0:00:00]
} 18. g4 {[%emt 0:00:00]} e4 {[%emt 0:00:00]} 19. Be2 {[%emt 0:00:00]} exf3 {
[%emt 0:00:00]} 20. Bxf3 {[%emt 0:00:00]} hxg4 {[%emt 0:00:00]} 21. Bg2 {
[%emt 0:00:00]} Qd7 {[%emt 0:00:00]} 22. cxd5 {[%emt 0:00:00]} Rfd8 {[%emt 0:
00:00]} 23. d6 {[%emt 0:00:00]} Rac8 {[%emt 0:00:00]} 24. Qf2 {[%emt 0:00:00]}
Qa4 {[%emt 0:00:00]} 25. Nb3 {[%emt 0:00:00]} Ne4 {[%emt 0:00:00]} 26. Qxb6 {
[%emt 0:00:00]} Rxd6 {[%emt 0:00:00]} 27. Qxb7 {[%emt 0:00:00]} 1-0

[Event "Gibraltar Masters 18th"]
[Site "Gibraltar"]
[Date "2020.01.29"]
[Round "9.16"]
[White "Narayanan, SL."]
[Black "Gukesh, Dommaraju"]
[Result "1/2-1/2"]
[WhiteElo "2637"]
[BlackElo "2542"]
[PlyCount "72"]
[EventDate "2020.01.21"]
[EventType "swiss"]
[EventRounds "10"]
[EventCountry "GGB"]
[SourceTitle "BritBase"]
[Source "John Saunders"]
[SourceDate "2021.06.05"]
[SourceVersion "1"]
[SourceVersionDate "2021.06.05"]
[SourceQuality "1"]
[TimeControl "40/100:0"]
[WhiteClock "0:16:14"]
[BlackClock "0:00:56"]

1. d4 {[%emt 0:00:00]} d5 {[%emt 0:00:00]} 2. c4 {[%emt 0:00:00]} e6 {[%emt 0:
00:00]} 3. Nf3 {[%emt 0:00:00]} Nf6 {[%emt 0:00:00]} 4. Nc3 {[%emt 0:00:00]}
Be7 {[%emt 0:00:00]} 5. Bg5 {[%emt 0:00:00]} O-O {[%emt 0:00:00]} 6. e3 {
[%emt 0:00:00]} Nbd7 {[%emt 0:00:00]} 7. Qc2 {[%emt 0:00:00]} h6 {[%emt 0:00:
00]} 8. Bh4 {[%emt 0:00:00]} c5 {[%emt 0:00:00]} 9. dxc5 {[%emt 0:00:00]} Nxc5
{[%emt 0:00:00]} 10. cxd5 {[%emt 0:00:00]} Nxd5 {[%emt 0:00:00]} 11. Bxe7 {
[%emt 0:00:00]} Qxe7 {[%emt 0:00:00]} 12. Nxd5 {[%emt 0:00:00]} exd5 {[%emt 0:
00:00]} 13. Be2 {[%emt 0:00:00]} Bg4 {[%emt 0:00:00]} 14. O-O {[%emt 0:00:00]}
Rac8 {[%emt 0:00:00]} 15. Rfd1 {[%emt 0:00:00]} Rfd8 {[%emt 0:00:00]} 16. h3 {
[%emt 0:00:00]} Ne4 {[%emt 0:00:00]} 17. Qb3 {[%emt 0:00:00]} Be6 {[%emt 0:00:
00]} 18. Qa4 {[%emt 0:00:00]} Qf6 {[%emt 0:00:00]} 19. Qd4 {[%emt 0:00:00]} Qg6
{[%emt 0:00:00]} 20. Nh4 {[%emt 0:00:00]} Qg5 {[%emt 0:00:00]} 21. Nf3 {
[%emt 0:00:00]} Qg6 {[%emt 0:00:00]} 22. Kf1 {[%emt 0:00:00]} Rc2 {[%emt 0:00:
00]} 23. Nh4 {[%emt 0:00:00]} Qg5 {[%emt 0:00:00]} 24. Nf3 {[%emt 0:00:00]} Qf5
{[%emt 0:00:00]} 25. Rac1 {[%emt 0:00:00]} Rdc8 {[%emt 0:00:00]} 26. Rxc2 {
[%emt 0:00:00]} Rxc2 {[%emt 0:00:00]} 27. g4 {[%emt 0:00:00]} Qg6 {[%emt 0:00:
00]} 28. Qxa7 {[%emt 0:00:00]} Rxb2 {[%emt 0:00:00]} 29. Nd4 {[%emt 0:00:00]}
Qf6 {[%emt 0:00:00]} 30. Qb8+ {[%emt 0:00:00]} Kh7 {[%emt 0:00:00]} 31. Qf4 {
[%emt 0:00:00]} Qh4 {[%emt 0:00:00]} 32. Kg2 {[%emt 0:00:00]} Rxa2 {[%emt 0:00:
00]} 33. Rb1 {[%emt 0:00:00]} h5 {[%emt 0:00:00]} 34. Rf1 {[%emt 0:00:00]} Qf6
{[%emt 0:00:59]} 35. Qxf6 {[%emt 0:00:00]} Nxf6 {[%emt 0:00:00]} 36. gxh5 {
[%emt 0:00:00]} Rb2 {[%emt 0:00:00]} 1/2-1/2

[Event "Gibraltar Masters 18th"]
[Site "Gibraltar"]
[Date "2020.01.29"]
[Round "9.17"]
[White "Sanal, Vahap"]
[Black "Deac, Bogdan-Daniel"]
[Result "0-1"]
[WhiteElo "2569"]
[BlackElo "2626"]
[PlyCount "104"]
[EventDate "2020.01.21"]
[EventType "swiss"]
[EventRounds "10"]
[EventCountry "GGB"]
[SourceTitle "BritBase"]
[Source "John Saunders"]
[SourceDate "2021.06.05"]
[SourceVersion "1"]
[SourceVersionDate "2021.06.05"]
[SourceQuality "1"]
[TimeControl "40/100:0"]
[WhiteClock "0:40:09"]
[BlackClock "0:48:36"]

1. e4 {[%emt 0:00:00]} e5 {[%emt 0:00:00]} 2. Nf3 {[%emt 0:00:00]} Nc6 {
[%emt 0:00:00]} 3. Bc4 {[%emt 0:00:00]} Bc5 {[%emt 0:00:00]} 4. c3 {[%emt 0:00:
00]} Nf6 {[%emt 0:00:00]} 5. d4 {[%emt 0:00:00]} exd4 {[%emt 0:00:00]} 6. e5 {
[%emt 0:00:00]} d5 {[%emt 0:00:00]} 7. Bb5 {[%emt 0:00:00]} Ne4 {[%emt 0:00:00]
} 8. cxd4 {[%emt 0:00:00]} Bb6 {[%emt 0:00:00]} 9. Nc3 {[%emt 0:00:00]} O-O {
[%emt 0:00:00]} 10. Be3 {[%emt 0:00:00]} Bg4 {[%emt 0:00:00]} 11. h3 {[%emt 0:
00:00]} Bh5 {[%emt 0:00:00]} 12. Qc2 {[%emt 0:00:00]} Nxc3 {[%emt 0:00:00]} 13.
bxc3 {[%emt 0:00:00]} f6 {[%emt 0:00:00]} 14. Bxc6 {[%emt 0:00:00]} Bxf3 {
[%emt 0:00:00]} 15. gxf3 {[%emt 0:00:00]} bxc6 {[%emt 0:00:00]} 16. f4 {
[%emt 0:00:00]} Qe7 {[%emt 0:00:00]} 17. Qe2 {[%emt 0:00:00]} c5 {[%emt 0:00:
00]} 18. Qb5 {[%emt 0:00:00]} fxe5 {[%emt 0:00:00]} 19. fxe5 {[%emt 0:00:00]}
cxd4 {[%emt 0:00:00]} 20. Qxd5+ {[%emt 0:00:00]} Kh8 {[%emt 0:00:00]} 21. cxd4
{[%emt 0:00:00]} Rad8 {[%emt 0:00:00]} 22. Qc4 {[%emt 0:00:00]} c5 {[%emt 0:00:
00]} 23. d5 {[%emt 0:00:00]} Qxe5 {[%emt 0:00:00]} 24. Rd1 {[%emt 0:00:00]} Qh5
{[%emt 0:00:00]} 25. Qg4 {[%emt 0:00:00]} Rxd5 {[%emt 0:00:00]} 26. Qxh5 {
[%emt 0:00:00]} Rxh5 {[%emt 0:00:00]} 27. Rc1 {[%emt 0:00:00]} Rh4 {[%emt 0:00:
00]} 28. Bxc5 {[%emt 0:00:00]} Re4+ {[%emt 0:00:00]} 29. Kf1 {[%emt 0:00:00]}
Rc8 {[%emt 0:00:00]} 30. Be3 {[%emt 0:00:00]} Rxc1+ {[%emt 0:00:00]} 31. Bxc1 {
[%emt 0:00:00]} Rc4 {[%emt 0:00:00]} 32. Kg2 {[%emt 0:00:00]} Rc2 {[%emt 0:00:
00]} 33. Re1 {[%emt 0:00:00]} Rxf2+ {[%emt 0:00:00]} 34. Kg3 {[%emt 0:00:00]}
Kg8 {[%emt 0:00:00]} 35. a4 {[%emt 0:00:00]} Rc2 {[%emt 0:00:00]} 36. Rf1 {
[%emt 0:00:00]} Ra2 {[%emt 0:00:00]} 37. Bf4 {[%emt 0:00:00]} Rxa4 {[%emt 0:00:
00]} 38. Bd6 {[%emt 0:00:00]} h6 {[%emt 0:00:00]} 39. h4 {[%emt 0:00:19]} Rd4 {
[%emt 0:00:00]} 40. Rf8+ {[%emt 0:00:00]} Kh7 {[%emt 0:00:00]} 41. Be5 {
[%emt 0:01:28]} Re4 {[%emt 0:00:00]} 42. Ba1 {[%emt 0:00:35]} h5 {[%emt 0:00:
00]} 43. Rf7 {[%emt 0:00:00]} Rg4+ {[%emt 0:00:00]} 44. Kh3 {[%emt 0:00:00]}
Kg8 {[%emt 0:00:00]} 45. Rb7 {[%emt 0:00:00]} Bf2 {[%emt 0:00:00]} 46. Rd7 {
[%emt 0:00:00]} a5 {[%emt 0:00:00]} 47. Rd8+ {[%emt 0:00:00]} Kh7 {[%emt 0:00:
00]} 48. Rd5 {[%emt 0:00:00]} Rxh4+ {[%emt 0:00:00]} 49. Kg2 {[%emt 0:00:00]}
Be1 {[%emt 0:00:00]} 50. Kf3 {[%emt 0:00:00]} Bb4 {[%emt 0:00:00]} 51. Rg5 {
[%emt 0:00:00]} g6 {[%emt 0:00:00]} 52. Rd5 {[%emt 0:00:00]} Bc3 {[%emt 0:00:
00]} 0-1

[Event "Gibraltar Masters 18th"]
[Site "Gibraltar"]
[Date "2020.01.29"]
[Round "9.18"]
[White "Durarbayli, Vasif"]
[Black "Werle, Jan"]
[Result "0-1"]
[WhiteElo "2625"]
[BlackElo "2545"]
[PlyCount "132"]
[EventDate "2020.01.21"]
[EventType "swiss"]
[EventRounds "10"]
[EventCountry "GGB"]
[SourceTitle "BritBase"]
[Source "John Saunders"]
[SourceDate "2021.06.05"]
[SourceVersion "1"]
[SourceVersionDate "2021.06.05"]
[SourceQuality "1"]
[TimeControl "40/100:0"]
[WhiteClock "0:17:04"]
[BlackClock "0:17:58"]

1. d4 {[%emt 0:00:00]} Nf6 {[%emt 0:00:00]} 2. c4 {[%emt 0:00:00]} e6 {[%emt 0:
00:00]} 3. Nc3 {[%emt 0:00:00]} Bb4 {[%emt 0:00:00]} 4. f3 {[%emt 0:00:00]} c5
{[%emt 0:00:00]} 5. d5 {[%emt 0:00:00]} d6 {[%emt 0:00:00]} 6. e4 {[%emt 0:00:
00]} O-O {[%emt 0:00:00]} 7. Nge2 {[%emt 0:00:00]} Re8 {[%emt 0:00:00]} 8. Nf4
{[%emt 0:00:00]} e5 {[%emt 0:00:00]} 9. Nfe2 {[%emt 0:00:00]} Nbd7 {[%emt 0:00:
00]} 10. g4 {[%emt 0:00:00]} b5 {[%emt 0:00:00]} 11. Ng3 {[%emt 0:00:00]} Nb6 {
[%emt 0:00:00]} 12. cxb5 {[%emt 0:00:00]} a6 {[%emt 0:00:00]} 13. Bg5 {[%emt 0:
00:00]} h6 {[%emt 0:00:00]} 14. Bd2 {[%emt 0:00:00]} c4 {[%emt 0:00:00]} 15.
bxa6 {[%emt 0:00:00]} Nh7 {[%emt 0:00:00]} 16. h4 {[%emt 0:00:00]} Rxa6 {
[%emt 0:00:00]} 17. Qc1 {[%emt 0:00:00]} Bd7 {[%emt 0:00:00]} 18. Be2 {[%emt 0:
00:00]} Qe7 {[%emt 0:00:00]} 19. g5 {[%emt 0:00:00]} Ra7 {[%emt 0:00:00]} 20.
gxh6 {[%emt 0:00:00]} g6 {[%emt 0:00:00]} 21. h5 {[%emt 0:00:00]} Kh8 {[%emt 0:
00:00]} 22. Be3 {[%emt 0:00:00]} Rb7 {[%emt 0:00:00]} 23. Kf2 {[%emt 0:00:00]}
Rc8 {[%emt 0:00:00]} 24. Rb1 {[%emt 0:00:00]} Bc5 {[%emt 0:00:00]} 25. Bxc5 {
[%emt 0:00:00]} Rxc5 {[%emt 0:00:00]} 26. hxg6 {[%emt 0:00:00]} fxg6 {[%emt 0:
00:00]} 27. Nf1 {[%emt 0:00:00]} Rc8 {[%emt 0:00:00]} 28. Ne3 {[%emt 0:00:00]}
Ng5 {[%emt 0:00:00]} 29. Qc2 {[%emt 0:00:00]} Nh3+ {[%emt 0:00:00]} 30. Ke1 {
[%emt 0:00:00]} Qg5 {[%emt 0:00:00]} 31. Kd2 {[%emt 0:00:00]} Ra7 {[%emt 0:00:
00]} 32. a3 {[%emt 0:00:00]} Rb7 {[%emt 0:00:00]} 33. a4 {[%emt 0:00:00]} Nxa4
{[%emt 0:00:00]} 34. Nxa4 {[%emt 0:00:00]} Bxa4 {[%emt 0:00:00]} 35. Qxa4 {
[%emt 0:00:00]} Rxb2+ {[%emt 0:00:00]} 36. Rxb2 {[%emt 0:00:00]} c3+ {[%emt 0:
00:00]} 37. Ke1 {[%emt 0:00:00]} Qh4+ {[%emt 0:00:00]} 38. Kd1 {[%emt 0:00:00]}
Nf2+ {[%emt 0:00:00]} 39. Kc2 {[%emt 0:00:00]} cxb2+ {[%emt 0:00:00]} 40. Kxb2
{[%emt 0:00:00]} Qxh1 {[%emt 0:00:00]} 41. Bc4 {[%emt 0:00:00]} Qxh6 {[%emt 0:
00:00]} 42. Nf1 {[%emt 0:00:00]} Nd1+ {[%emt 0:02:47]} 43. Qxd1 {[%emt 0:00:00]
} Rxc4 {[%emt 0:00:00]} 44. Kb3 {[%emt 0:00:00]} Rc7 {[%emt 0:00:00]} 45. Kb2 {
[%emt 0:00:00]} Qf8 {[%emt 0:00:00]} 46. Nd2 {[%emt 0:00:00]} Qb8+ {[%emt 0:00:
00]} 47. Nb3 {[%emt 0:00:00]} Qb4 {[%emt 0:00:00]} 48. Qd2 {[%emt 0:00:00]}
Qxd2+ 49. Nxd2 {[%emt 0:00:00]} Kg7 {[%emt 0:00:00]} 50. Kb3 {[%emt 0:00:00]}
Kf6 {[%emt 0:00:00]} 51. Nc4 {[%emt 0:00:00]} Ke7 {[%emt 0:00:00]} 52. Kc3 {
[%emt 0:00:00]} Ra7 {[%emt 0:00:00]} 53. Kd3 {[%emt 0:00:00]} Ra4 {[%emt 0:00:
00]} 54. Kc3 {[%emt 0:00:00]} Ra6 {[%emt 0:00:00]} 55. Kd3 {[%emt 0:00:00]} Kf6
{[%emt 0:00:00]} 56. Ke2 {[%emt 0:00:00]} Kg5 {[%emt 0:00:00]} 57. Ke3 {
[%emt 0:00:00]} Kh4 {[%emt 0:00:00]} 58. f4 {[%emt 0:00:00]} exf4+ {[%emt 0:00:
00]} 59. Kxf4 {[%emt 0:00:00]} g5+ {[%emt 0:00:00]} 60. Kf5 {[%emt 0:00:00]} g4
{[%emt 0:00:00]} 61. e5 {[%emt 0:00:00]} g3 {[%emt 0:00:00]} 62. Ne3 {[%emt 0:
00:00]} Kh3 {[%emt 0:00:00]} 63. e6 {[%emt 0:00:00]} Ra3 {[%emt 0:00:00]} 64.
Nc4 {[%emt 0:00:00]} Ra8 {[%emt 0:00:00]} 65. Ne3 {[%emt 0:00:00]} Rf8+ {
[%emt 0:00:00]} 66. Ke4 {[%emt 0:00:00]} g2 {[%emt 0:00:00]} 0-1

[Event "Gibraltar Masters 18th"]
[Site "Gibraltar"]
[Date "2020.01.29"]
[Round "9.19"]
[White "Vocaturo, Daniele"]
[Black "Tan, Zhongyi"]
[Result "1/2-1/2"]
[WhiteElo "2622"]
[BlackElo "2493"]
[PlyCount "133"]
[EventDate "2020.01.21"]
[EventType "swiss"]
[EventRounds "10"]
[EventCountry "GGB"]
[SourceTitle "BritBase"]
[Source "John Saunders"]
[SourceDate "2021.06.05"]
[SourceVersion "1"]
[SourceVersionDate "2021.06.05"]
[SourceQuality "1"]
[TimeControl "40/100:0"]
[WhiteClock "0:13:11"]
[BlackClock "1:31:22"]

1. d4 {[%emt 0:00:00]} d5 {[%emt 0:00:00]} 2. c4 {[%emt 0:00:00]} e6 {[%emt 0:
00:00]} 3. Nc3 {[%emt 0:00:00]} Be7 {[%emt 0:00:00]} 4. Nf3 {[%emt 0:00:00]}
Nf6 {[%emt 0:00:00]} 5. Bg5 {[%emt 0:00:00]} O-O {[%emt 0:00:00]} 6. e3 {
[%emt 0:00:00]} h6 {[%emt 0:00:00]} 7. Bh4 {[%emt 0:00:00]} Ne4 {[%emt 0:00:00]
} 8. Bxe7 {[%emt 0:00:00]} Qxe7 {[%emt 0:00:00]} 9. Rc1 {[%emt 0:00:00]} c6 {
[%emt 0:00:00]} 10. g4 {[%emt 0:00:00]} Nd7 {[%emt 0:00:00]} 11. h4 {[%emt 0:
00:00]} Nxc3 {[%emt 0:00:00]} 12. Rxc3 {[%emt 0:00:00]} e5 {[%emt 0:00:00]} 13.
cxd5 {[%emt 0:00:00]} cxd5 {[%emt 0:00:00]} 14. g5 {[%emt 0:00:00]} e4 {
[%emt 0:00:00]} 15. Nd2 {[%emt 0:00:00]} g6 {[%emt 0:00:00]} 16. f4 {[%emt 0:
00:00]} h5 {[%emt 0:00:00]} 17. Be2 {[%emt 0:00:00]} Nb6 {[%emt 0:00:00]} 18.
Nf1 {[%emt 0:00:00]} Bd7 {[%emt 0:00:00]} 19. Ng3 {[%emt 0:00:00]} Qb4 {
[%emt 0:00:00]} 20. Qd2 {[%emt 0:00:00]} Rac8 {[%emt 0:00:00]} 21. Rxc8 {
[%emt 0:00:00]} Qxd2+ {[%emt 0:00:00]} 22. Kxd2 {[%emt 0:00:00]} Nxc8 {[%emt 0:
00:00]} 23. f5 {[%emt 0:00:00]} Nd6 {[%emt 0:00:00]} 24. f6 {[%emt 0:00:00]}
Rc8 {[%emt 0:00:00]} 25. b3 {[%emt 0:00:00]} b5 {[%emt 0:00:00]} 26. Bd1 {
[%emt 0:00:00]} b4 {[%emt 0:00:00]} 27. Ne2 {[%emt 0:00:00]} Nf5 {[%emt 0:00:
00]} 28. Nf4 {[%emt 0:00:00]} Bc6 {[%emt 0:00:00]} 29. Be2 {[%emt 0:00:00]} Bb7
{[%emt 0:00:00]} 30. Ng2 {[%emt 0:00:00]} Kf8 {[%emt 0:00:00]} 31. Bb5 {
[%emt 0:00:00]} Nd6 {[%emt 0:00:00]} 32. Bd7 {[%emt 0:00:00]} Rc7 {[%emt 0:00:
00]} 33. Bh3 {[%emt 0:00:00]} Nb5 {[%emt 0:00:00]} 34. Nf4 {[%emt 0:00:00]} Ke8
{[%emt 0:00:00]} 35. Ra1 {[%emt 0:00:00]} Na3 {[%emt 0:00:00]} 36. Rc1 {
[%emt 0:00:00]} Rxc1 {[%emt 0:00:00]} 37. Kxc1 {[%emt 0:00:00]} Nb5 {[%emt 0:
00:00]} 38. Kd2 {[%emt 0:00:00]} Bc6 {[%emt 0:00:00]} 39. Bf1 {[%emt 0:00:00]}
Nd6 {[%emt 0:00:00]} 40. Bh3 {[%emt 0:00:00]} Bd7 {[%emt 0:00:00]} 41. Bg2 {
[%emt 0:00:00]} Bc6 {[%emt 0:00:00]} 42. Bh3 {[%emt 0:00:00]} a5 {[%emt 0:00:
00]} 43. Ke1 {[%emt 0:00:00]} Nb5 {[%emt 0:00:00]} 44. Kd2 {[%emt 0:00:00]} Nc7
{[%emt 0:00:00]} 45. Kc1 {[%emt 0:00:00]} Bd7 {[%emt 0:00:00]} 46. Bf1 {
[%emt 0:00:00]} Bg4 {[%emt 0:00:00]} 47. Kd2 {[%emt 0:00:00]} Kd7 {[%emt 0:00:
00]} 48. Ke1 {[%emt 0:00:00]} Kd6 {[%emt 0:00:00]} 49. Kd2 {[%emt 0:00:00]} Bd7
{[%emt 0:00:00]} 50. Kc1 {[%emt 0:00:00]} Bf5 {[%emt 0:00:00]} 51. Kb2 {
[%emt 0:00:00]} Kc6 {[%emt 0:00:00]} 52. a4 {[%emt 0:00:00]} Kd6 {[%emt 0:00:
00]} 53. Kc1 {[%emt 0:00:00]} Ne6 {[%emt 0:00:00]} 54. Nxe6 {[%emt 0:00:00]}
Bxe6 {[%emt 0:00:00]} 55. Kd2 {[%emt 0:00:00]} Bd7 {[%emt 0:00:00]} 56. Ke1 {
[%emt 0:00:00]} Be6 {[%emt 0:00:00]} 57. Be2 {[%emt 0:00:00]} Bd7 {[%emt 0:00:
00]} 58. Kf2 {[%emt 0:00:00]} Be6 {[%emt 0:00:00]} 59. Bb5 {[%emt 0:00:00]} Bd7
{[%emt 0:00:00]} 60. Be2 {[%emt 0:00:00]} Be6 {[%emt 0:00:00]} 61. Kg3 {
[%emt 0:00:00]} Bd7 {[%emt 0:00:00]} 62. Kf4 {[%emt 0:00:00]} Be6 {[%emt 0:00:
00]} 63. Bd1 {[%emt 0:00:00]} Bd7 {[%emt 0:00:00]} 64. Be2 {[%emt 0:00:00]} Be6
{[%emt 0:00:00]} 65. Bd1 {[%emt 0:00:00]} Bd7 {[%emt 0:00:00]} 66. Be2 {
[%emt 0:00:00]} Be6 {[%emt 0:00:00]} 67. Bd1 {[%emt 0:00:04]} 1/2-1/2